Al Capone Quiz - Statistics

General Stats
  • This quiz has been taken 61 times
    58 since last reset
  • The average score is 5 of 8
Answer Stats
Question Answer % Correct
What was the main crime that resulted in Al Capone being sentenced to 11 years in prison? tax evasion
100%
What event made Al Capone the undisputed crime boss in Chicago? the St. Valentine’s Day Massacre
100%
What was Al Capone’s nickname? Scarface
91%
Which mobster was Al Capone’s mentor? Johnny Torrio
64%
How did Al Capone die? cardiac arrest
55%
After graduating from “kid gangs,” what infamous gang did Al Capone join in New York City? Five Points Gang
45%
Why did Al Capone leave prison early? illness
45%
Who was Al Capone’s main rival? Bugs Moran
36%
No matching quizzes found
Score Distribution
Percent of People with Each Score
Percentile by Number Answered
Your Score History
You have not taken this quiz since the last reset